Best value proposals. (Record no. 61769)

MARC details
000 -LEADER
fixed length control field 00749cam a2200181 4500
001 - CONTROL NUMBER
control field WB3538-02
008 - FIXED-LENGTH DATA ELEMENTS--GENERAL INFORMATION
fixed length control field 000000n1999 000 0 eng u
035 ## - SYSTEM CONTROL NUMBER
System control number (Sirsi) u102794
245 ## - TITLE STATEMENT
Title Best value proposals.
260 ## - PUBLICATION, DISTRIBUTION, ETC.
Date of publication, distribution, etc. 1999
490 ## - SERIES STATEMENT
Series statement New Civil Engineer
Volume/sequential designation 23 September 1999, 4(1)
520 ## - SUMMARY, ETC.
Summary, etc. Industry commentators have claimed that the government's best value proposals, to be implemented next year, could make local authority contracts less attractive to private sector firms, since they require councils to assess bids in the light of factors such as training levels and equal opportunities.
650 ## - SUBJECT ADDED ENTRY--TOPICAL TERM
Topical term or geographic name entry element Contracts
9 (RLIN) 6232
650 ## - SUBJECT ADDED ENTRY--TOPICAL TERM
Topical term or geographic name entry element LOCAL AUTHORITIES
650 ## - SUBJECT ADDED ENTRY--TOPICAL TERM
Topical term or geographic name entry element Procurement-old
690 ## - LOCAL SUBJECT ADDED ENTRY--TOPICAL TERM (OCLC, RLIN)
Topical term or geographic name as entry element BUILT ENVIRONMENT
942 ## - ADDED ENTRY ELEMENTS (KOHA)
Suppress in OPAC 0
Holdings
Withdrawn status Lost status Source of classification or shelving scheme Damaged status Not for loan Home library Current library Shelving location Date acquired Total Checkouts Full call number Barcode Date last seen Copy number Price effective from Koha item type
    Dewey Decimal Classification     London London News article 24/11/1999   WB3538-02 102794-1001 06/08/2019 1 06/08/2019 News article